विविध धर्मों में शब्दचेतना (Record no. 1401009)

MARC details
000 -LEADER
fixed length control field 01051nam a22002297a 4500
005 - DATE AND TIME OF LATEST TRANSACTION
control field 20250516114205.0
008 - FIXED-LENGTH DATA ELEMENTS--GENERAL INFORMATION
fixed length control field 250516b |||||||| |||| 00| 0 eng d
020 ## - INTERNATIONAL STANDARD BOOK NUMBER
International Standard Book Number 978-81-961005-5-1 (hbk)
037 ## - SOURCE OF ACQUISITION
Terms of availability TB
040 ## - CATALOGING SOURCE
Original cataloging agency CRL
Transcribing agency CRL
041 ## - LANGUAGE CODE
Source of code hin
Language code of text/sound track or separate title hin
Language code of original san
084 ## - COLON CLASSIFICATION NUMBER
Classification number Q2:418 152R3
Assigning agency CRL
245 ## - TITLE STATEMENT
Title विविध धर्मों में शब्दचेतना
260 ## - PUBLICATION, DISTRIBUTION, ETC.
Place of publication, distribution, etc. दिल्ली, भारत:
Name of publisher, distributor, etc. शिवालिक प्रकाशन,
Date of publication, distribution, etc. 2023.
300 ## - PHYSICAL DESCRIPTION
Extent 200पृ0
365 ## - TRADE PRICE
Price amount 795.00
Currency code INR
650 ## - SUBJECT ADDED ENTRY--TOPICAL TERM
Source of heading or term धर्म
700 ## - ADDED ENTRY--PERSONAL NAME
Personal name कुलश्रेष्ठ, अगम
Relator term संपादक
9 (RLIN) 784771
700 ## - ADDED ENTRY--PERSONAL NAME
Personal name गौड़, निशीथ
Relator term संपादक
9 (RLIN) 784772
942 ## - ADDED ENTRY ELEMENTS (KOHA)
Source of classification or shelving scheme Colon Classification (CC)
Koha item type Textbook
Classification part Q2:418 152R3
Suppress in OPAC No
Holdings
Withdrawn status Lost status Source of classification or shelving scheme Damaged status Not for loan Home library Current library Date acquired Source of acquisition Cost, normal purchase price Inventory number Total Checkouts Full call number Barcode Date last seen Date last checked out Price effective from Koha item type
    Colon Classification (CC)     Central Library Arts Library 2025-05-16 ईस्टर्न बुक लिंकर्स 795.00 100 & 2024-12-12 1 Q2:418 152R3 CL1681861 2026-03-10 2026-02-23 2025-05-16 Textbook
Copyright @ Delhi University Library System